|
|
|
|
| LEADER |
00821naa a2200205 i 4500 |
| 001 |
acta58622 |
| 005 |
20260224081030.0 |
| 008 |
190617s2006 hu o 100 spa d |
| 020 |
|
|
|a 978-963-482-800-6
|
| 040 |
|
|
|a SZTE Egyetemi Kiadványok Repozitórium
|b hun
|
| 041 |
|
|
|a spa
|
| 100 |
1 |
|
|a Grőbler Tamás
|
| 245 |
1 |
0 |
|a Hol fáj?
|h [elektronikus dokumentum] :
|b a jelentésreprezentáció nehézségei egy kórlapkitöltő rendszerben /
|c Grőbler Tamás
|
| 260 |
|
|
|c 2006
|
| 300 |
|
|
|a 129-138
|
| 490 |
0 |
|
|a Magyar Számítógépes Nyelvészeti Konferencia
|v 4
|
| 695 |
|
|
|a Nyelvészet - számítógép alkalmazása
|
| 700 |
0 |
1 |
|a Szőts Miklós
|e aut
|
| 710 |
|
|
|a Magyar Számítógépes Nyelvészeti Konferencia (4.) (2006) (Szeged)
|
| 856 |
4 |
0 |
|u http://acta.bibl.u-szeged.hu/58622/1/msznykonf_004_129-138.pdf
|z Dokumentum-elérés
|